سبل الهدى و الرشاد في سيرة خير العباد / (رقم التسجيلة. 29681)

تفاصيل مارك
000 -LEADER
fixed length control field 00750nam a22001937a 4500
005 - DATE AND TIME OF LATEST TRANSACTION
control field 20251108165518.0
008 - FIXED-LENGTH DATA ELEMENTS--GENERAL INFORMATION
fixed length control field 250721s1983 xx 000 0 ara d
082 14 - DEWEY DECIMAL CLASSIFICATION NUMBER
Classification number م/219/شمس
100 1# - MAIN ENTRY--PERSONAL NAME
Personal name الشامي، شمس الدين
245 10 - TITLE STATEMENT
Title سبل الهدى و الرشاد في سيرة خير العباد /
264 1# - PRODUCTION, PUBLICATION, DISTRIBUTION, MANUFACTURE, AND COPYRIGHT NOTICE
Place of production, publication, distribution, manufacture القاهره :
Name of producer, publisher, distributor, manufacturer المجلس الأعلى للشؤون الإسلامية - لجنة إحياء التراث الإسلامي،
Date of production, publication, distribution, manufacture, or copyright notice 1983.
300 ## - PHYSICAL DESCRIPTION
Extent
490 0# - SERIES STATEMENT
Series statement السيرة النبوية ؛ 27
500 ## - GENERAL NOTE
General note يوجد منه نسخة في قاعة المطالعة
650 17 - SUBJECT ADDED ENTRY--TOPICAL TERM
Topical term or geographic name as entry element السيرة النبوية
700 1# - ADDED ENTRY--PERSONAL NAME
Personal name عبد الواحد، مصطفى
Relator term تحقيق
942 ## - ADDED ENTRY ELEMENTS (KOHA)
Source of classification or shelving scheme Dewey Decimal Classification
Koha item type مراجع
المقتنيات
حالة السحب حالة الفقدان مصدر التصنيف حالة التلف غير قابل للإعارة المكتبة الرئيسية المكتبة الحالية موقع الرف تاريخ التزويد الرقم المتسلسل Total Checkouts رقم الإستدعاء الباركود تاريخ آخر ظهور تاريخ الفاتورة نوع المادة (كوها)
    Dewey Decimal Classification   Not For Loan المكتبة المركزية المكتبة المركزية مراجع 06/07/2004 110312   م/219/شمس 110312 28/07/2025 06/07/2004 مراجع
    Dewey Decimal Classification   Not For Loan المكتبة المركزية المكتبة المركزية مراجع 06/07/2004 110313   م/219/شمس 110313 28/07/2025 06/07/2004 مراجع
    Dewey Decimal Classification   Not For Loan المكتبة المركزية المكتبة المركزية مراجع 06/07/2004 110314   م/219/شمس 110314 28/07/2025 06/07/2004 مراجع
    Dewey Decimal Classification   Not For Loan المكتبة المركزية المكتبة المركزية مراجع 06/07/2004 110315   م/219/شمس 110315 28/07/2025 06/07/2004 مراجع
    Dewey Decimal Classification   Not For Loan المكتبة المركزية المكتبة المركزية مراجع 06/07/2004 110316   م/219/شمس 110316 28/07/2025 06/07/2004 مراجع
Implemented & Customized by: BBB with SCIT (Smart Chains for Information Technology)

Powered by Koha